000 01615nam a22002537a 4500
999 _c63094
_d63094
003 Ge_BSU
005 20250602113903.0
008 250602s2019 ge ||||| |||| 00| 0 geo d
020 _a9789941304880
041 _ageo
080 _a27(09) ვ-95
100 _aვუდჰედი, ლინდა
_925203
245 _aქრისტიანობა :
_b ძალიან მოკლე შესავალი /
_cლინდა ვუდჰედი; მთარგმნელი ნიკა სამუშია; სამეცნიერო რედაქტორი ლევან გიგინეიშვილი; რედაქტორი ეკატერინე სუმბათაშვილი; დიზაინერი ია მახათაძე.
250 _aI გამოცემა
264 _aთბილისი :
_bბაკურ სულაკაურის გამომცემლობა,
_c2019.
300 _a172 გვ. :
_bილ. ;
_c17 სმ.
500 _aსაძიებელი: გვ. 164-172.
653 _aქრისტიანობის ისტორია
700 _aსამუშია, ნიკა
_eმთარგმნელი
_914222
700 _aგიგინეიშვილი, ლევან
_eსამეცნ. რედაქტორი
_9311
700 _4
_aსუმბათაშვილი, ეკატერინე
_eრედაქტორი
_9260
700 _aმახათაძე, ია
_eდიზაინერი
_95299
942 _2udc
_cᲬᲘᲒᲜᲘ